[Event "29th Capablanca Memorial"]
[Site "Matanzas City CUB"]
[Date "1994.??.??"]
[Round "1"]
[White "Hernandez, Gilberto"]
[Black "Van Wely, Loek"]
[Result "0-1"]
[WhiteElo "2485"]
[BlackElo "2570"]
[EventDate "1994.??.??"]
[PlyCount "82"]

1.e4 c5 2.Nf3 d6 3.d4 cxd4 4.Nxd4 Nf6 5.Nc3 a6 6.Be2 e6 7.O-O Be7 8.f4 O-O
9.a4 Qc7 10.Kh1 b6 11.Bf3 Bb7 12.e5 dxe5 13.fxe5 Nfd7 14.Bxb7 Qxb7 15.Bf4 
Nc6 16.Qf3 Rac8 17.Rad1 Nc5 18.Nxc6 Qxc6 19.Qxc6 Rxc6 20.b4 Nb7 21.Rd7 
Rxc3 22.Rxb7 Bd8 23.Rd1 Rxc2 24.Be3 Rc4 25.a5 bxa5 26.Bc5 Re8 27.Rb8 h5 
28.Rbxd8 Rxd8 29.Rxd8+ Kh7 30.h3 axb4 31.Bd6 a5 32.Rb8 Rc3 33.Kh2 b3 34.
Ra8 Rc1 35.Rb8 a4 36.Kg3 Rc2 37.Kh4 Kh6 38.Rh8+ Kg6 39.g3 Rc4+ 40.g4 hxg4 
41.hxg4 Rb4 0-1

[Event "29th Capablanca Memorial"]
[Site "Matanzas City CUB"]
[Date "1994.??.??"]
[Round "1"]
[White "Vera Gonzalez, Reynaldo"]
[Black "Hoffman, Alejandro"]
[Result "1-0"]
[WhiteElo "2500"]
[BlackElo "2540"]
[EventDate "1994.??.??"]
[PlyCount "59"]

1.d4 d5 2.c4 c6 3.Nc3 Nf6 4.cxd5 cxd5 5.Bf4 Nc6 6.e3 a6 7.Bd3 Bg4 8.Nge2 
e6 9.O-O Be7 10.Rc1 O-O 11.a3 Rc8 12.Na4 Bh5 13.b4 b5 14.Nc5 Bxc5 15.dxc5 
e5 16.Bg5 e4 17.Bb1 Ne5 18.Re1 Qd7 19.Qd4 Rfe8 20.Bxf6 Nf3+ 21.gxf3 Bxf3 
22.Nf4 Rc6 23.h3 Rxf6 24.Kh2 Rxf4 25.exf4 Qc7 26.Rg1 Qxf4+ 27.Rg3 g6 28.
Rc3 Qc7 29.Ba2 h5 30.Kg1 1-0

[Event "29th Capablanca Memorial"]
[Site "Matanzas City CUB"]
[Date "1994.??.??"]
[Round "1"]
[White "Lima, Darcy"]
[Black "Nogueiras Santiago, Jesus"]
[Result "1/2-1/2"]
[WhiteElo "2500"]
[BlackElo "2550"]
[EventDate "1994.??.??"]
[PlyCount "24"]

1.c4 e6 2.Nc3 d5 3.d4 c6 4.e4 dxe4 5.Nxe4 Bb4+ 6.Bd2 Qxd4 7.Bxb4 Qxe4+ 8.
Ne2 Na6 9.Bf8 Ne7 10.Bxg7 Rg8 11.Bf6 Rg6 12.Qd4 Qxd4 1/2-1/2

[Event "29th Capablanca Memorial"]
[Site "Matanzas City CUB"]
[Date "1994.??.??"]
[Round "2"]
[White "Van Wely, Loek"]
[Black "Nogueiras Santiago, Jesus"]
[Result "1/2-1/2"]
[WhiteElo "2570"]
[BlackElo "2550"]
[EventDate "1994.??.??"]
[PlyCount "71"]

1.d4 d5 2.c4 e6 3.Nc3 c6 4.Nf3 dxc4 5.e3 b5 6.a4 Bb4 7.Nd2 Qb6 8.Qf3 Bb7 
9.Qg3 Kf8 10.Be2 Nf6 11.O-O a6 12.Nde4 Nbd7 13.Nd6 h5 14.h4 Qc7 15.Nxb7 
Qxb7 16.Bf3 Re8 17.Na2 Be7 18.Bd2 g6 19.axb5 axb5 20.Bb4 Kg7 21.Bxe7 Rxe7 
22.Qd6 Nb8 23.Nb4 Qc7 24.Qc5 Nd5 25.Ra3 Nxb4 26.Qxb4 e5 27.Rfa1 exd4 28.
exd4 Rd8 29.Ra8 Red7 30.d5 cxd5 31.Qxb5 Nc6 32.Rxd8 Rxd8 33.Qc5 Qd6 34.
Qxd6 Rxd6 35.Ra6 Kf8 36.Bxd5 1/2-1/2

[Event "29th Capablanca Memorial"]
[Site "Matanzas City CUB"]
[Date "1994.??.??"]
[Round "2"]
[White "Zapata Ramirez, Alonso"]
[Black "Vera Gonzalez, Reynaldo"]
[Result "1-0"]
[WhiteElo "2565"]
[BlackElo "2500"]
[EventDate "1994.??.??"]
[PlyCount "119"]

1.e4 c5 2.Nf3 d6 3.d4 cxd4 4.Nxd4 Nf6 5.Nc3 a6 6.Be3 e6 7.Be2 Be7 8.a4 Nc6
9.O-O O-O 10.f4 Qc7 11.Kh1 Re8 12.Bf3 Rb8 13.Bg1 Bf8 14.g4 Nd7 15.g5 g6 
16.Bg2 Bg7 17.Qd2 Na5 18.b3 b6 19.Rad1 Bb7 20.Nde2 Bf8 21.Na2 Rbd8 22.Ng3 
Nc5 23.Nb4 Nc6 24.Nd3 d5 25.e5 Rc8 26.Nf2 Red8 27.Ng4 Nd7 28.Ne2 h5 29.
gxh6 Ne7 30.Nd4 Nf5 31.h7+ Kxh7 32.Rf3 Bg7 33.Qe1 Rh8 34.Rh3+ Kg8 35.Rxh8+
Bxh8 36.Nxf5 gxf5 37.Nh6+ Kf8 38.Qh4 Bg7 39.Rd3 Nc5 40.Rc3 d4 41.Bxd4 Rd8 
42.Rc4 Rd7 43.Qh5 a5 44.Bxb7 Qxb7+ 45.Kg1 Ne4 46.Be3 Ke8 47.Ng8 Kf8 48.Nf6
Nxf6 49.exf6 Bxf6 50.Kf2 Rd5 51.Qf3 Be7 52.Kg3 Ke8 53.Rd4 Bc5 54.Rxd5 exd5
55.Bxc5 bxc5 56.Qe3+ Qe7 57.Qxe7+ Kxe7 58.Kh4 d4 59.Kg5 Ke6 60.h4 1-0

[Event "29th Capablanca Memorial"]
[Site "Matanzas City CUB"]
[Date "1994.??.??"]
[Round "3"]
[White "Spangenberg, Hugo"]
[Black "Hernandez, Gilberto"]
[Result "1-0"]
[WhiteElo "2510"]
[BlackElo "2485"]
[EventDate "1994.??.??"]
[PlyCount "45"]

1.Nf3 Nf6 2.g3 g6 3.b3 Bg7 4.Bb2 d6 5.d4 O-O 6.Bg2 c6 7.O-O Qa5 8.Re1 Bf5 
9.c4 d5 10.Nc3 Rd8 11.Nd2 Ng4 12.e3 e5 13.cxd5 exd4 14.Nc4 Qa6 15.exd4 b5 
16.Ne5 Nxe5 17.dxe5 b4 18.Ne4 Nd7 19.d6 Nxe5 20.Bxe5 Bxe5 21.Nc5 Qb5 22.
Rxe5 f6 23.Bf1 1-0

[Event "29th Capablanca Memorial"]
[Site "Matanzas City CUB"]
[Date "1994.??.??"]
[Round "3"]
[White "Garcia, Gerardo"]
[Black "Zapata Ramirez, Alonso"]
[Result "1/2-1/2"]
[WhiteElo "2090"]
[BlackElo "2565"]
[EventDate "1994.??.??"]
[PlyCount "28"]

1.e4 c6 2.d4 d5 3.exd5 cxd5 4.c4 Nf6 5.Nc3 e6 6.Nf3 Be7 7.cxd5 exd5 8.h3 
O-O 9.Bd3 Nc6 10.O-O Be6 11.Re1 Re8 12.Bf4 a6 13.Rc1 Nd7 14.Bb1 Rc8 
1/2-1/2

[Event "29th Capablanca Memorial"]
[Site "Matanzas City CUB"]
[Date "1994.??.??"]
[Round "4"]
[White "Armas, Jorge"]
[Black "Garcia, Gerardo"]
[Result "1-0"]
[WhiteElo "2450"]
[BlackElo "2090"]
[EventDate "1994.??.??"]
[PlyCount "87"]

1.d4 d5 2.c4 e6 3.Nf3 Nf6 4.Nc3 Nbd7 5.Bg5 Be7 6.Qc2 O-O 7.O-O-O c6 8.e4 
b6 9.e5 Ne8 10.h4 Ba6 11.Bxe7 Qxe7 12.cxd5 Bxf1 13.d6 Qd8 14.Rhxf1 g6 15.
h5 Rc8 16.Kb1 Ng7 17.hxg6 fxg6 18.Rh1 Rf5 19.Rh3 c5 20.Rdh1 cxd4 21.Nxd4 
Rxe5 22.Rxh7 Nf8 23.Rh8+ Kf7 24.f4 Re3 25.Qd2 Rexc3 26.bxc3 Qxd6 27.R8h3 
Rc4 28.Rf1 Qd5 29.Rd3 Kg8 30.Re1 Ra4 31.Nb3 Qf5 32.g3 Nh5 33.Kb2 Qf7 34.
Ree3 Nf6 35.Rd4 Ra6 36.Qd3 Qb7 37.Re2 Kf7 38.Qc4 b5 39.Qd3 Nd5 40.g4 Qe7 
41.Rxd5 Qa3+ 42.Kb1 exd5 43.Qxd5+ Kg7 44.Nc5 1-0

[Event "29th Capablanca Memorial"]
[Site "Matanzas City CUB"]
[Date "1994.??.??"]
[Round "4"]
[White "Hernandez, Gilberto"]
[Black "Vera Gonzalez, Reynaldo"]
[Result "1/2-1/2"]
[WhiteElo "2485"]
[BlackElo "2500"]
[EventDate "1994.??.??"]
[PlyCount "42"]

1.Nf3 c5 2.c4 Nc6 3.Nc3 e5 4.g3 g6 5.Bg2 d6 6.O-O Bg7 7.a3 a5 8.d3 Nge7 9.
Rb1 O-O 10.Ne1 Be6 11.Nd5 Rb8 12.Bd2 b5 13.cxb5 Rxb5 14.Nxe7+ Nxe7 15.b4 
cxb4 16.axb4 axb4 17.Rxb4 Qb6 18.Rxb5 Qxb5 19.Nf3 h6 20.Qb1 Rb8 21.Qc1 Kh7
1/2-1/2

[Event "29th Capablanca Memorial"]
[Site "Matanzas City CUB"]
[Date "1994.??.??"]
[Round "4"]
[White "Zapata Ramirez, Alonso"]
[Black "Lima, Darcy"]
[Result "1-0"]
[WhiteElo "2565"]
[BlackElo "2500"]
[EventDate "1994.??.??"]
[PlyCount "59"]

1.e4 e6 2.d4 d5 3.Nd2 c5 4.Ngf3 cxd4 5.exd5 Qxd5 6.Bc4 Qd6 7.O-O Nf6 8.Nb3
Nc6 9.Qe2 Be7 10.Bg5 O-O 11.Rfe1 a6 12.Rad1 b5 13.Bd3 Bb7 14.c3 Nd5 15.
cxd4 Nf4 16.Bxf4 Qxf4 17.Be4 Rad8 18.Nc5 Nxd4 19.Rxd4 Rxd4 20.Nxb7 Rd7 21.
g3 Qc7 22.Ne5 Rd4 23.Nc6 Rc4 24.Nba5 Rc5 25.Qe3 Rh5 26.Nxe7+ Qxe7 27.Nc6 
Qf6 28.b4 g6 29.Bf3 Rf5 30.Nd4 1-0

[Event "29th Capablanca Memorial"]
[Site "Matanzas City CUB"]
[Date "1994.??.??"]
[Round "5"]
[White "Garcia, Gerardo"]
[Black "Hernandez, Gilberto"]
[Result "1-0"]
[WhiteElo "2090"]
[BlackElo "2485"]
[EventDate "1994.??.??"]
[PlyCount "59"]

1.e4 e5 2.Nf3 Nc6 3.Bb5 f5 4.Nc3 fxe4 5.Nxe4 d5 6.Nxe5 dxe4 7.Nxc6 Qg5 8.
Qe2 Nf6 9.f4 Qxf4 10.Ne5+ c6 11.d4 Qh4+ 12.g3 Qh3 13.Bc4 Be6 14.Bg5 Bd6 
15.O-O-O O-O 16.Bxf6 gxf6 17.Ng4 Rae8 18.Bxe6+ Rxe6 19.Rhf1 Kg7 20.d5 cxd5
21.Rxd5 e3 22.Rff5 Be5 23.Nxe3 Qh6 24.Rh5 Qg6 25.Nf5+ Kh8 26.Qf3 Qf7 27.
Qd1 Rb6 28.c3 Qg8 29.Rd7 Rf7 30.Rd8 1-0

[Event "29th Capablanca Memorial"]
[Site "Matanzas City CUB"]
[Date "1994.??.??"]
[Round "5"]
[White "Lima, Darcy"]
[Black "Armas, Jorge"]
[Result "0-1"]
[WhiteElo "2500"]
[BlackElo "2450"]
[EventDate "1994.??.??"]
[PlyCount "60"]

1.c4 e5 2.g3 Nf6 3.Bg2 d5 4.cxd5 Nxd5 5.Nf3 Nc6 6.O-O Be7 7.d4 e4 8.Ne5 f5
9.Nxc6 bxc6 10.Qc2 O-O 11.Qxc6 Nb6 12.Rd1 Ba6 13.Qc2 Bd6 14.Nc3 Qe7 15.a4 
Kh8 16.d5 Nd7 17.Nb5 Bxb5 18.axb5 Rab8 19.Ra5 Nf6 20.Qb3 Qe8 21.Be3 Qh5 
22.Bxa7 Rbe8 23.e3 Ng4 24.h3 Nxf2 25.Kxf2 Qg5 26.Ke2 Qxg3 27.Kd2 Qxg2+ 28.
Kc1 f4 29.b6 cxb6 30.Bxb6 f3 0-1

[Event "29th Capablanca Memorial"]
[Site "Matanzas City CUB"]
[Date "1994.??.??"]
[Round "6"]
[White "Hernandez, Gilberto"]
[Black "Lima, Darcy"]
[Result "1-0"]
[WhiteElo "2485"]
[BlackElo "2500"]
[EventDate "1994.??.??"]
[PlyCount "61"]

1.e4 e6 2.d4 d5 3.Nc3 Bb4 4.e5 c5 5.a3 Bxc3+ 6.bxc3 Nc6 7.Nf3 Qa5 8.Bd2 
Qa4 9.Bd3 f6 10.O-O c4 11.Be2 Bd7 12.exf6 gxf6 13.Bf4 O-O-O 14.Bg3 Nge7 
15.Nh4 e5 16.dxe5 fxe5 17.f4 Qa5 18.Qd2 Nd4 19.Rae1 Nb5 20.fxe5 Qxc3 21.
Qxc3 Nxc3 22.e6 Nxe2+ 23.Rxe2 Bb5 24.Nf5 Nxf5 25.Rxf5 Rhf8 26.Rh5 c3 27.
Re1 Rde8 28.Rxd5 Bc6 29.Rh5 Rf6 30.Rxh7 Rexe6 31.Rd1 1-0

[Event "29th Capablanca Memorial"]
[Site "Matanzas City CUB"]
[Date "1994.??.??"]
[Round "6"]
[White "Spangenberg, Hugo"]
[Black "Vera Gonzalez, Reynaldo"]
[Result "1-0"]
[WhiteElo "2510"]
[BlackElo "2500"]
[EventDate "1994.??.??"]
[PlyCount "105"]

1.e4 c5 2.Nc3 e6 3.Nf3 d6 4.d4 cxd4 5.Nxd4 a6 6.g3 Nf6 7.Bg2 Be7 8.O-O Qc7
9.Re1 O-O 10.Be3 Re8 11.h3 Nc6 12.Nxc6 bxc6 13.Na4 Bb7 14.c4 c5 15.Nc3 Nd7
16.f4 Nb8 17.Qd2 Nc6 18.Rad1 Red8 19.g4 Bh4 20.Rf1 Bf6 21.Ne2 Qa5 22.Qxa5 
Nxa5 23.b3 Be7 24.Nc3 Nc6 25.e5 dxe5 26.fxe5 Rxd1 27.Rxd1 Rd8 28.Rxd8+ 
Nxd8 29.Na4 Bxg2 30.Kxg2 Nb7 31.Nb6 Kf8 32.Nd7+ Ke8 33.Nb8 a5 34.Kf3 a4 
35.bxa4 Na5 36.Bd2 Nxc4 37.Bc3 Bd8 38.Ke4 f6 39.Nc6 Nxe5 40.Bxe5 fxe5 41.
a5 Kd7 42.Nxe5+ Kc7 43.Kd3 Bf6 44.Nf3 Kb7 45.Kc4 Ka6 46.Kxc5 Kxa5 47.Kd6 
Kb4 48.Kxe6 Ka3 49.g5 Bc3 50.Kf7 Kxa2 51.Kg8 h6 52.g6 Bf6 53.Nh4 1-0

[Event "29th Capablanca Memorial"]
[Site "Matanzas City CUB"]
[Date "1994.??.??"]
[Round "6"]
[White "Van Wely, Loek"]
[Black "Hoffman, Alejandro"]
[Result "1-0"]
[WhiteElo "2570"]
[BlackElo "2540"]
[EventDate "1994.??.??"]
[PlyCount "73"]

1.d4 Nf6 2.c4 c5 3.d5 b5 4.cxb5 a6 5.b6 d6 6.Nc3 g6 7.e4 Bg7 8.a4 Qxb6 9.
a5 Qb4 10.Ra4 Qb7 11.Nf3 Bg4 12.Be2 Bxf3 13.Bxf3 Nbd7 14.O-O O-O 15.Be2 
Rfb8 16.f4 Ne8 17.Bc4 Qc8 18.Qd3 Rb4 19.Ra2 Nc7 20.Bd2 Nb5 21.Na4 Nd4 22.
Bxb4 cxb4 23.Kh1 Qb7 24.Raa1 b3 25.e5 dxe5 26.fxe5 Bxe5 27.Rae1 Nf5 28.
Qxb3 Qc7 29.Nb6 Rb8 30.d6 Qxd6 31.Rd1 Nc5 32.Rxd6 Nxb3 33.Rd5 Bxb2 34.Bxb3
Ne3 35.Rxf7 Nxd5 36.Bxd5 Kh8 37.Rxe7 1-0

[Event "29th Capablanca Memorial"]
[Site "Matanzas City CUB"]
[Date "1994.??.??"]
[Round "7"]
[White "Garcia, Gerardo"]
[Black "Spangenberg, Hugo"]
[Result "1-0"]
[WhiteElo "2090"]
[BlackElo "2510"]
[EventDate "1994.??.??"]
[PlyCount "43"]

1.e4 g6 2.d4 c6 3.Nc3 d5 4.h3 dxe4 5.Nxe4 Bg7 6.Nf3 Nd7 7.Bd3 Ngf6 8.Nxf6+
Nxf6 9.O-O O-O 10.Re1 Be6 11.Ng5 Qxd4 12.Rxe6 fxe6 13.Nxe6 Qd6 14.Nxf8 
Rxf8 15.Qe2 Nd5 16.c3 Kh8 17.Bc4 Nf4 18.Bxf4 Qxf4 19.g3 Qg5 20.h4 Qc5 21.
Rd1 Be5 22.b4 1-0

[Event "29th Capablanca Memorial"]
[Site "Matanzas City CUB"]
[Date "1994.??.??"]
[Round "7"]
[White "Hoffman, Alejandro"]
[Black "Zapata Ramirez, Alonso"]
[Result "0-1"]
[WhiteElo "2540"]
[BlackElo "2565"]
[EventDate "1994.??.??"]
[PlyCount "94"]

1.e4 c5 2.c3 e6 3.d4 d5 4.e5 Qb6 5.Nf3 Bd7 6.Be2 Bb5 7.c4 Bxc4 8.Bxc4 dxc4
9.d5 Ne7 10.d6 Nec6 11.O-O Nd7 12.Re1 g6 13.Bd2 Bg7 14.Bc3 O-O 15.Nbd2 Qa6
16.Ne4 b5 17.Nf6+ Bxf6 18.exf6 b4 19.Bd2 Nxf6 20.Bh6 Rfd8 21.Bg5 Nd5 22.
Bxd8 Rxd8 23.Qc1 Rxd6 24.Nd2 c3 25.Ne4 Nd4 26.bxc3 Nxc3 27.Nf6+ Kf8 28.
Qh6+ Ke7 29.Nxh7 Qc8 30.Qg5+ Kd7 31.Nf6+ Kc6 32.Ng4 Kb5 33.Ne5 Rd5 34.a4+ 
Ka6 35.Qe7 Qb7 36.Qf8 b3 37.Nc4 b2 38.Nxb2 Qxb2 39.Qxf7 Rf5 40.Qxg6 Qxf2+ 
41.Kh1 Ka5 42.Qe8 Rf7 43.h3 Rg7 44.Rg1 Nce2 45.Qd8+ Kb4 46.Rgb1+ Kc4 47.
Qa8 Rg3 0-1

[Event "29th Capablanca Memorial"]
[Site "Matanzas City CUB"]
[Date "1994.??.??"]
[Round "7"]
[White "Nogueiras Santiago, Jesus"]
[Black "Hernandez, Gilberto"]
[Result "1/2-1/2"]
[WhiteElo "2550"]
[BlackElo "2485"]
[EventDate "1994.??.??"]
[PlyCount "69"]

1.d4 Nf6 2.Nf3 g6 3.g3 Bg7 4.Bg2 O-O 5.O-O d6 6.Nc3 c5 7.dxc5 dxc5 8.Qxd8 
Rxd8 9.Be3 Nfd7 10.Rad1 Nc6 11.Ng5 Nd4 12.Nd5 e6 13.Nc7 Rb8 14.c3 Nc6 15.
Nb5 Bf8 16.Nd6 Nde5 17.Nge4 f5 18.Nf6+ Kg7 19.Nfe8+ Kg8 20.Bg5 Rxd6 21.
Nxd6 Bxd6 22.Rxd6 Nf7 23.Rxc6 bxc6 24.Bc1 Rb6 25.Rd1 e5 26.b3 Ra6 27.Rd2 
c4 28.b4 Be6 29.e4 f4 30.h4 h6 31.Bf3 Kg7 32.Bd1 Rb6 33.a4 Rb8 34.Kg2 Kf6 
35.a5 1/2-1/2

[Event "29th Capablanca Memorial"]
[Site "Matanzas City CUB"]
[Date "1994.??.??"]
[Round "8"]
[White "Van Wely, Loek"]
[Black "Zapata Ramirez, Alonso"]
[Result "1-0"]
[WhiteElo "2570"]
[BlackElo "2565"]
[EventDate "1994.??.??"]
[PlyCount "57"]

1.d4 Nf6 2.c4 g6 3.Nc3 c5 4.d5 Bg7 5.e4 d6 6.Bd3 O-O 7.h3 e6 8.Nf3 Re8 9.
O-O Na6 10.Re1 Nc7 11.Rb1 Rb8 12.a3 a6 13.Bf1 exd5 14.cxd5 b5 15.b4 Nd7 
16.Bg5 f6 17.Be3 Na8 18.a4 bxa4 19.bxc5 Rxb1 20.Qxb1 dxc5 21.Nxa4 Qa5 22.
Nb2 Qb4 23.Nc4 Qxb1 24.Rxb1 Bf8 25.Nfd2 Nc7 26.Nb6 Kf7 27.Nxd7 Bxd7 28.Rb7
Rc8 29.Bf4 1-0

[Event "29th Capablanca Memorial"]
[Site "Matanzas City CUB"]
[Date "1994.??.??"]
[Round "9"]
[White "Garcia, Gerardo"]
[Black "Van Wely, Loek"]
[Result "1/2-1/2"]
[WhiteElo "2090"]
[BlackElo "2570"]
[EventDate "1994.??.??"]
[PlyCount "105"]

1.e4 c5 2.Nc3 d6 3.Nge2 Nf6 4.d4 cxd4 5.Nxd4 e6 6.Be2 Be7 7.O-O O-O 8.f4 
a6 9.Be3 Qc7 10.Qe1 b5 11.Bf3 Bb7 12.a3 Nbd7 13.Kh1 Nc5 14.Bg1 Rac8 15.Rd1
Na4 16.e5 Ne8 17.Nxa4 bxa4 18.c4 Bxf3 19.Rxf3 g6 20.exd6 Nxd6 21.c5 Nf5 
22.Nxf5 exf5 23.Qe2 Bf6 24.Rd6 Rfe8 25.Qd2 Be7 26.Rd5 Qc6 27.h3 Bf8 28.
Rfd3 Qb5 29.Rd8 Qc6 30.Rxc8 Qxc8 31.Rd5 Qc7 32.Rd7 Qc6 33.Rd8 Rxd8 34.Qxd8
f6 35.Qd3 Be7 36.Qc4+ Kf8 37.Bd4 Bd8 38.Kg1 Bc7 39.Kf2 Bxf4 40.Bxf6 Qxf6 
41.Qxf4 Qxb2+ 42.Kg1 Qxa3 43.Qb8+ Kg7 44.Qe5+ Kh6 45.Qf4+ Kg7 46.Qd4+ Kh6 
47.Qh4+ Kg7 48.Qd4+ Kh6 49.Kh2 Qc1 50.Qh4+ Kg7 51.Qe7+ Kh6 52.Qh4+ Kg7 53.
Qe7+ 1/2-1/2

[Event "29th Capablanca Memorial"]
[Site "Matanzas City CUB"]
[Date "1994.??.??"]
[Round "9"]
[White "Hoffman, Alejandro"]
[Black "Hernandez, Gilberto"]
[Result "1/2-1/2"]
[WhiteElo "2540"]
[BlackElo "2485"]
[EventDate "1994.??.??"]
[PlyCount "32"]

1.e4 e5 2.Nf3 Nc6 3.d4 exd4 4.Nxd4 Bc5 5.Nb3 Bb6 6.a4 a6 7.Nc3 Nf6 8.Bd3 
d6 9.O-O h6 10.h3 Be6 11.a5 Ba7 12.Qe2 Ne5 13.Be3 Bxe3 14.Qxe3 Nxd3 15.
Qxd3 Bxb3 16.cxb3 O-O 1/2-1/2

[Event "29th Capablanca Memorial"]
[Site "Matanzas City CUB"]
[Date "1994.??.??"]
[Round "9"]
[White "Nogueiras Santiago, Jesus"]
[Black "Spangenberg, Hugo"]
[Result "1/2-1/2"]
[WhiteElo "2550"]
[BlackElo "2510"]
[EventDate "1994.??.??"]
[PlyCount "110"]

1.d4 Nf6 2.Nf3 g6 3.g3 Bg7 4.Bg2 O-O 5.O-O c6 6.Nbd2 d5 7.Re1 Bf5 8.Nh4 
Be6 9.c3 Na6 10.e4 dxe4 11.Nxe4 Nxe4 12.Bxe4 Qd7 13.Bg5 Rfe8 14.Qc1 Bd5 
15.Nf3 Nc7 16.Qc2 Ne6 17.Be3 Bxe4 18.Qxe4 Qd5 19.Qxd5 cxd5 20.a4 Nd8 21.a5
Nc6 22.Rec1 Rec8 23.Ra3 a6 24.Rca1 Na7 25.Rb3 Nb5 26.Ne1 e6 27.Nd3 Bf8 28.
g4 h6 29.Kg2 Kg7 30.f4 Bd6 31.h3 f6 32.Nc5 Bxc5 33.dxc5 g5 34.Rb4 Rc7 35.
Rd1 Na7 36.h4 Nc6 37.Ra4 gxf4 38.Rxf4 Nxa5 39.g5 hxg5 40.hxg5 Nc4 41.gxf6+
Kf7 42.Rh1 Nxe3+ 43.Kf3 e5 44.Rb4 Nc2 45.Rb6 Rac8 46.Rc1 Na3 47.bxa3 Rxc5 
48.Kg4 d4 49.Rh1 Rg8+ 50.Kf5 e4+ 51.Kxe4 dxc3 52.Rh7+ Kg6 53.Rhxb7 Rf8 54.
Rg7+ Kh6 55.Rg1 c2 1/2-1/2

[Event "29th Capablanca Memorial"]
[Site "Matanzas City CUB"]
[Date "1994.??.??"]
[Round "9"]
[White "Zapata Ramirez, Alonso"]
[Black "Armas, Jorge"]
[Result "0-1"]
[WhiteElo "2565"]
[BlackElo "2450"]
[EventDate "1994.??.??"]
[PlyCount "112"]

1.e4 c5 2.Nf3 Nc6 3.d4 cxd4 4.Nxd4 Nf6 5.Nc3 d6 6.Be2 g6 7.Nb3 Bg7 8.O-O 
O-O 9.Kh1 a6 10.f4 Be6 11.Bf3 Rc8 12.Be3 b5 13.Qe1 a5 14.Rd1 b4 15.Nd5 Nd7
16.e5 a4 17.Nc1 dxe5 18.fxe5 Bxd5 19.Bxd5 Ncxe5 20.Qxb4 e6 21.Bf3 Rc4 22.
Qb5 Qb8 23.Qxb8 Rxb8 24.b3 Rxc2 25.Be4 axb3 26.axb3 Rc7 27.h3 Nf6 28.Bb1 
Nd5 29.Bd4 Nc6 30.Bc5 Rb5 31.Bd6 Rd7 32.Bg3 Rbb7 33.Be4 f5 34.Bxd5 Rxd5 
35.Rxd5 exd5 36.Rd1 d4 37.Bf2 Kf7 38.Ne2 Rd7 39.Nf4 Nb4 40.Be1 Nc2 41.Nd3 
Nxe1 42.Rxe1 Rc7 43.Rc1 Rc3 44.Rxc3 dxc3 45.Ne1 Ke6 46.Kg1 Kd5 47.Kf2 Ke4 
48.Ke2 g5 49.Nc2 h5 50.b4 Bf8 51.b5 Bc5 52.Ne1 g4 53.hxg4 fxg4 54.Nd3 Be3 
55.g3 c2 56.b6 Bxb6 0-1

[Event "29th Capablanca Memorial"]
[Site "Matanzas City CUB"]
[Date "1994.??.??"]
[Round "10"]
[White "Garcia, Gerardo"]
[Black "Lima, Darcy"]
[Result "1/2-1/2"]
[WhiteElo "2090"]
[BlackElo "2500"]
[EventDate "1994.??.??"]
[PlyCount "31"]

1.e4 e6 2.d4 d5 3.Nd2 Nf6 4.e5 Ne4 5.Bd3 f5 6.exf6 Nxf6 7.Ne2 c5 8.c3 Nc6 
9.Nf3 cxd4 10.cxd4 Bd6 11.O-O O-O 12.Bf4 Bxf4 13.Nxf4 Ne4 14.Ne2 Rxf3 15.
gxf3 Ng5 16.f4 1/2-1/2

[Event "29th Capablanca Memorial"]
[Site "Matanzas City CUB"]
[Date "1994.??.??"]
[Round "11"]
[White "Armas, Jorge"]
[Black "Hernandez, Gilberto"]
[Result "1/2-1/2"]
[WhiteElo "2450"]
[BlackElo "2485"]
[EventDate "1994.??.??"]
[PlyCount "21"]

1.e4 c6 2.c4 d5 3.exd5 cxd5 4.cxd5 Nf6 5.Nc3 Nxd5 6.Nf3 Nc6 7.Bb5 Nxc3 8.
bxc3 e6 9.O-O Be7 10.d4 O-O 11.Qe2 1/2-1/2

[Event "29th Capablanca Memorial"]
[Site "Matanzas City CUB"]
[Date "1994.??.??"]
[Round "11"]
[White "Hoffman, Alejandro"]
[Black "Spangenberg, Hugo"]
[Result "1/2-1/2"]
[WhiteElo "2540"]
[BlackElo "2510"]
[EventDate "1994.??.??"]
[PlyCount "28"]

1.e4 e5 2.Nf3 Nc6 3.Bb5 a6 4.Ba4 Nf6 5.O-O Be7 6.Re1 b5 7.Bb3 d6 8.h3 O-O 
9.c3 Na5 10.Bc2 c5 11.d4 Qc7 12.Nbd2 Bd7 13.Nf1 Nc4 14.d5 g6 1/2-1/2